Music Quiz

Random Music or Artist Quiz

Last Lines of Songs Quiz Stats

 Plays Quiz Updated Sep 28, 2018

Score 0/16 Timer 05:00
2 Plays Today
Lyric Song % Correct
Any way the wind blowsBohemian Rhapsody
71.5%
This'll be the day that I dieAmerican Pie
71.1%
Can you hear me Major Tom?Space Oddity
39.8%
Just gimme a kiss!Walk This Way
34.9%
Every new beginning comes from some other beginning's endClosing Time
33.1%
Life has a funny, funny way of helping you out, helping you outIronic
28.4%
Am I just paranoid, or am I just stoned?Basketcase
24.8%
But you're motoring, you're motoringSister Christian
22.7%
Lyric Song % Correct
You put the load right on meThe Weight
19.3%
You've got to promise not to stop when I say whenEverlong
18.8%
The night will go on, my little windmillAll the Small Things
14.5%
All in all is all we areAll Apologies
12.9%
I think of you and let it go99 Red Balloons
12.2%
The street heats the urgency of now, as you see there's no one around1979
6.7%
Everybody needs somebodyNovember Rain
4.2%
Nobody cares for meI Ain't Got Nobody
3.5%

You're not logged in!

Compare scores with friends on all Sporcle quizzes.
OR
Log In

Sporcle TV

Today on Sporcle TV


Watch our educational content, quiz creation guides, and fun videos on Sporcle TV.

Show Comments

Extras

Top Quizzes Today


Score Distribution

Your Account Isn't Verified!

In order to create a playlist on Sporcle, you need to verify the email address you used during registration. Go to your Sporcle Settings to finish the process.

Report this User

Report this user for behavior that violates our Community Guidelines.

Details: